| 000 | 00613nam a22002297a 4500 | ||
|---|---|---|---|
| 001 | 30618 | ||
| 003 | UA-OsUOA | ||
| 005 | 20220702104023.0 | ||
| 007 | ta | ||
| 008 | 20041111b un ||||| |||| 00| 0 ukr d | ||
| 040 |
_aUA-OsUOA _brus _cUA-OsUOA _dUA-OsUOA |
||
| 041 | _arus | ||
| 044 | _aRU | ||
| 080 | _a82.09(44) | ||
| 090 |
_a82.09(44) _bП34 |
||
| 245 |
_aПисатели Франции о литературе _bсборник статей _cред. Г. Великовская |
||
| 260 |
_aМосква _bПрогресс _c1978 |
||
| 300 | _a471 с. | ||
| 650 | 7 | _2UDC | |
| 942 |
_cBK _2udc |
||
| 955 | _a0 | ||
| 999 |
_c317031 _d317031 |
||